00933cam a2200265 a 450000100090000000300040000900500170001300800410003001000170007101500150008802000150010303500230011804000390014104200140018005000240019410000230021824500700024126000400031130000460035150400510039765000260044865000290047485600760050385600880057913101832OSt20221025165000.0030224s2003 ne a b 001 0 eng  a 2003102999 aGBA3-X1122 a0127408525 a(OCoLC)ocm52325944 aUKMcUKMdChuka University Library alccopycat00aHD 30.22b.W43 20031 aWebster, Thomas J.10aManagerial economics :btheory and practice /cThomas J. Webster. aAmsterdam ;bAcademic Press,c2003. axiv, 739 pages :billustrations ;c24 cm. aIncludes bibliographical references and index. 0aManagerial economics. 0aEconomics, Mathematical.413Table of contentsuhttp://www.loc.gov/catdir/toc/els051/2003102999.html423Publisher descriptionuhttp://www.loc.gov/catdir/description/els051/2003102999.html